Films de Wes Anderson par images - Statistiques

Statistiques générales
  • Ce quiz a été pris 45 fois
  • Le résultat moyen est 8 sur 12
Statistiques - réponses
Par images Réponse % Correct
Le Grand Budapest Hotel
98%
Asteroid city
76%
Fantastic mr.fox
76%
The French dispatch
76%
L'ile aux chiens
73%
Moonrise Kingdom
61%
A bord du Darjeeling Limited
59%
La famille tenenbaum
59%
La vie aquatique
59%
La Merveilleuse Histoire de Henry Sugar
44%
Bottle Rocket
41%
Rushmore
41%
Aucun quiz correspondant
Distribution des résultats
% des personnes avec chaque résultat
Percentile par nombre de réponses
Votre historique - résultats
Vous n’avez pas pris ce quiz